Socialistické rozložení

Salvato in:
Dettagli Bibliografici
Natura: Libro
Lingua:ceco
Pubblicazione: Praha Práce 1946
Tags: Aggiungi Tag
Nessun Tag, puoi essere il primo ad aggiungerne!!

MARC

LEADER 00000nam a2200000 4500
001 0268613
005 20240822101712.2
041 0 |a cze 
044 |a CZ 
245 1 0 |a Socialistické rozložení  |c A. Korobov 
264 1 |a Praha  |b Práce  |c 1946